Guatemala

Guardado en:
書目詳細資料
格式: Texto
主題:
標簽: 添加標簽
沒有標簽, 成為第一個標記此記錄!

MARC

LEADER 00000 a a2200000 04500
001 44460
003
040
245 |a Guatemala  
650 |a RELIGION  
650 |a IGLESIA  
650 |a POLITICA  
650 |a GUATEMALA  
773 |g volumen7, número34 (1983), Página 531  
999 |c 22227  |d 22227